000 01646cam a2200313 a 4500
001 000015376
003 DO-SdBNP
005 20251030131839.0
008 840222m19541969ve a 000 m spa d
040 _aDO-SdBNP
_bspa
_cBNPHU
082 4 _aV868.2
_bB446ó
_22
100 1 _aBello, Andrés,
_d1781-1865
_922352
245 1 0 _aObras completas /
_cAndrés Bello.
260 _aCaracas :
_bMinisterio de Educación,
_c1954-1969.
300 _av. :
_bil. ;
_c25 cm.
500 _aLa biblioteca posee los volúmenes: 2, 8, 9, 11 tomo 2, 13 tomo 2, 16, 19, 20 y 21 tomo 3.
504 _aIncluye referencias bibliográficas y notas al pie de las páginas.
505 0 _gVol. 2
_tBorradores poesías/
_rPrólogo de Pedro P. Barnola.
505 0 _gVol. 8.
_tGramática latina y escritos complementarios/
_rprólogo y notas Aurelio Espinosa Pólit.
505 0 _gVol. 9.
_tTemas de crítica literaria /
_rprólogo de Arturo Uslar Pietri
505 0 _aVol. 11. t. 2.
_tDerecho internacional. Temas de política internacional.
505 0 _aVol. 13. t.2.
_tCódigo civil de la República de Chile /
_rintroducción y notas de Pedro Lira Urguieta
505 0 _gVol. 16.
_tTextos y mensajes de gobierno /
_rprólogo de Guillermo Feliú Cruz.
505 0 _aVol. 19.
_tTemas de historias y geografía /
_rprólogo de Mariano Picón-Salas.
505 0 _gVol. 20.
_tCosmografía y otros escritos de divulgación científica /
_rPrólogo y notas de F. J. Duarte.
505 0 _aVol. 21. t. 3.
_tDerecho internacional. Documentos de la cancillería chilena /
_rprólogo de Jorge Gamboa Correa.
600 1 0 _aBello, Andrés,
_d1781-1865,
_923708
942 _2ddc
_cLBS1
999 _c14938
_d14938